000 00794nam a2200265Ia 4500
003 OSt
005 20220925204808.0
006 a|||||r|||| 00| 0
007 ta
008 220923b |||||||| |||| 00| 0 eng d
020 _a8188789380
037 _cGeneral Book
040 _aRTL
_cRTL
_beng
041 _2eng
_aeng
082 _aY15.2.P, P6/TD
100 _aJEFFERY Patricia
_9244925
245 0 _aConfronting saffron demography
_b Religion, fertility, and women's status in India.
260 _aGurgaon
_bThree essays
_c2006
300 _aix,161p
_ccm.
500 _aBibliography: 133-161
650 _aSociology
700 _a JEFFERY Roger
_9244926
942 _hY15.2.P, P6/TD
_cGB
_2CC
999 _c550424
_d550424